00439nam a2200121Ia 4500008004100000100002200041245008900063245002300152260000900175856004100184999001900225952007300244160531s9999 xx 000 0 und d aSantos, Andrés. aPlaying with Marbles: Structural and Thermodynamic Properties of Hard-Sphere Systems cby Andrés Santos c2013 uhttp://arxiv.org/pdf/1310.5578v1.pdf c295196d295196 001040aCLbCLd2016-05-31l0r2016-05-31 00:00:00w2016-05-31yCBE